Análisis de elevaciones de los obstáculos en la superficie de aproximación al cono de la Cabecera 25 del Aeropuerto Internacional Juan Santamaría
محفوظ في:
| المؤلف الرئيسي: | |
|---|---|
| مؤلفون آخرون: | |
| التنسيق: | كتاب |
| منشور في: |
[San José, Costa Rica]
2011
|
| الموضوعات: | |
| الوسوم: |
إضافة وسم
لا توجد وسوم, كن أول من يضع وسما على هذه التسجيلة!
|
MARC
| LEADER | 00000nam a2200000Ia 4500 | ||
|---|---|---|---|
| 003 | 010257 | ||
| 005 | 20221231144030.0 | ||
| 008 | 140114s2011 cr a 000 ||s d | ||
| 040 | |c cru CEDI | ||
| 090 | |a TFG 6309 | ||
| 100 | |a Arauz Rodriguez, Susana Lorena |9 2701 | ||
| 245 | |a Análisis de elevaciones de los obstáculos en la superficie de aproximación al cono de la Cabecera 25 del Aeropuerto Internacional Juan Santamaría | ||
| 260 | |c 2011 |b [San José, Costa Rica] | ||
| 500 | |a Proyecto de graduación (licenciatura en ingeniería topográfica)--Universidad de Costa Rica. Facultad de Ingeniería. Escuela de Ingeniería Topográfica | ||
| 650 | |x AEROPUERTO INTERNACIONAL JUAN SANTAMARIA (COSTA RICA) |x SEGURIDAD AEREA |x RECONOCIMIENTOS TOPOGRAFICOS |9 2703 | ||
| 700 | |9 2702 |a González Guillén, Adriana Isabel | ||
| 942 | |c TFG | ||
| 999 | |c 15895 |d 15895 | ||
